Statistics for Artists who reached #1 in the USA that starts with N

Click here to take the quiz!

General Stats

  • This quiz has been taken 31 times
  • The average score is 6 of 16

Answer Stats

#SongArtist% Correct
5PhysicalOlivia Newton-John
92%
1How You Remind MeNickelback
69%
4Hot in HerreNelly
62%
1Bye Bye Bye'NSYNC
54%
1CoconutHarry Nilsson
42%
1I Can See Clearly NowJohnny Nash
38%
1(Can't Live Without Your) Love and AffectionNelson
38%
2Poor Little FoolRicky Nelson
38%
2So SickNe-Yo
35%
2HypnotizeThe Notorious B.I.G.
35%
3Step by StepNew Kids on the Block
23%
1CreamThe New Power Generation
15%
1Too CloseNext
15%
1Shake ThatNate Dogg
12%
1Give Me EverythingNayer
12%
1Winchester CathedralThe New Vaudeville Band
4%

Score Distribution

Percentile by Number Answered

Percent of People with Each Score

Your Score History

You have not taken this quiz